[Event "First Saturday FM-B Oct 2013"]
[Site "Budapest"]
[Date "2013.10.10"]
[Round "6.3"]
[White "Takacs, Zsolt Otto"]
[Black "Lukacs, Albert"]
[Result "1-0"]
[WhiteElo "1800"]
[BlackElo "1921"]
[PlyCount "81"]
[EventDate "2013.10.05"]

1. e4 c5 2. Nf3 e6 3. d4 cxd4 4. Nxd4 a6 5. Bd3 Qc7 6. O-O Nc6 7. Be3 Nf6 8. c4
Ne5 9. Bf4 Bd6 10. Nc3 Nxd3 11. Bxd6 Qxd6 12. Qxd3 e5 13. Qg3 g6 14. Nf3 O-O
15. Qxe5 Qxe5 16. Nxe5 Re8 17. Nd3 b5 18. cxb5 Nxe4 19. Rfe1 Nd6 20. Rxe8+ Nxe8
21. bxa6 Rxa6 22. a4 d6 23. b4 Nc7 24. b5 Ra5 25. Nb4 Bb7 26. Rd1 d5 27. f3 Kf8
28. Kf2 Ke8 29. Ke3 f6 30. Nbxd5 Nxd5+ 31. Nxd5 Bxd5 32. Rxd5 Rxa4 33. Kd3 Ke7
34. Rc5 Kd7 35. Rc4 Ra3+ 36. Kd4 Rb3 37. Kc5 Kc7 38. Re4 Rc3+ 39. Kb4 Rc2 40.
Rc4+ Rxc4+ 41. Kxc4 1-0

[Event "First Saturday FM-B Oct 2013"]
[Site "Budapest"]
[Date "2013.10.10"]
[Round "6.4"]
[White "Nemeth, Otto"]
[Black "Szlenka, Attila"]
[Result "1/2-1/2"]
[WhiteElo "1684"]
[BlackElo "1812"]
[PlyCount "99"]
[EventDate "2013.10.05"]

1. e4 g6 2. d4 Bg7 3. c3 d6 4. Be2 Nd7 5. Nf3 Ngf6 6. Nbd2 O-O 7. h3 e5 8. dxe5
dxe5 9. O-O Re8 10. Re1 Nc5 11. Qc2 a5 12. a4 Be6 13. b4 Ncd7 14. Bc4 Nh5 15.
Bxe6 Rxe6 16. g3 Nb6 17. Qb3 Qd7 18. b5 Rd8 19. Ba3 h6 20. Rad1 Ree8 21. Kg2
Qe6 22. Qxe6 Rxe6 23. c4 Nxa4 24. Rc1 Rd3 25. Ra1 b6 26. c5 Bf8 27. Nc4 f6 28.
Red1 Rxd1 29. Rxd1 Bxc5 30. Bc1 Kh7 31. Bd2 Bd6 32. Ne1 Nc5 33. f3 Ng7 34. Be3
Ne8 35. g4 Kg7 36. Kf2 g5 37. Ke2 Kf7 38. Kd2 Re7 39. Kc3 Ke6 40. Ng2 Rd7 41.
Nb2 Bf8 42. Rh1 Kf7 43. h4 Nd6 44. Bxc5 bxc5 45. hxg5 hxg5 46. Ne3 Nxb5+ 47.
Kc4 c6 48. Nf5 Nd4 49. Rh8 Nxf5 50. gxf5 {illegible writing...draw in 90 moves}
1/2-1/2

[Event "First Saturday FM-B Oct 2013"]
[Site "Budapest"]
[Date "2013.10.10"]
[Round "6.5"]
[White "Bacsi, Andras"]
[Black "Steer, Jozsef"]
[Result "1/2-1/2"]
[WhiteElo "1845"]
[BlackElo "1894"]
[PlyCount "30"]
[EventDate "2013.10.05"]

1. e4 c6 2. d4 d5 3. exd5 cxd5 4. Bd3 Nc6 5. c3 Nf6 6. Nf3 Bg4 7. O-O e6 8.
Nbd2 Be7 9. Re1 O-O 10. h3 Bxf3 11. Nxf3 Re8 12. Bg5 h6 13. Bh4 a6 14. Bg3 Bd6
15. Bxd6 Qxd6 1/2-1/2

[Event "First Saturday FM-B Oct 2013"]
[Site "Budapest"]
[Date "2013.10.10"]
[Round "6.6"]
[White "Czipp, Janos"]
[Black "Marcu, Simon"]
[Result "0-1"]
[WhiteElo "1418"]
[BlackElo "1904"]
[PlyCount "64"]
[EventDate "2013.10.05"]

1. d4 d5 2. Nf3 Bg4 3. e3 e6 4. Nbd2 Bd6 5. Bd3 f5 6. Be2 Nd7 7. c4 c6 8. h3
Bh5 9. cxd5 exd5 10. Qc2 Nh6 11. Bd3 Qf6 12. b3 Bb4 13. Be2 Bg6 14. Bd3 O-O 15.
Bb2 Rac8 16. O-O Bd6 17. Nh2 Qe6 18. Rae1 Nf6 19. Ndf3 c5 20. Qe2 Bh5 21. Qd2
c4 22. bxc4 dxc4 23. Be2 c3 24. Bxc3 Ne4 25. Qb2 Rxc3 26. Rd1 Rfc8 27. Bd3 Nf7
28. Qb5 Bxh2+ 29. Kxh2 Nfd6 30. Qb1 a6 31. Rc1 Bxf3 32. gxf3 Nd2 0-1

[Event "First Saturday FM-B Oct 2013"]
[Site "Budapest"]
[Date "2013.10.11"]
[Round "7.1"]
[White "Marcu, Simon"]
[Black "Somogyi, Gabor"]
[Result "1/2-1/2"]
[WhiteElo "1904"]
[BlackElo "1978"]
[PlyCount "50"]
[EventDate "2013.10.05"]

1. d4 Nf6 2. c4 c5 3. e3 g6 4. Bd3 d5 5. Ne2 Bg7 6. O-O O-O 7. Nbc3 cxd4 8.
exd4 Nc6 9. c5 b6 10. Bb5 Bb7 11. Bxc6 Bxc6 12. b4 bxc5 13. bxc5 Ne4 14. f3
Nxc3 15. Nxc3 e5 16. Ne2 Bb5 17. Bb2 exd4 18. Re1 Bxe2 19. Rxe2 d3 20. Qxd3
Bxb2 21. Rxb2 Rc8 22. Qd4 Qa5 23. Rc1 Rfe8 24. Kf2 Qa3 25. Rbc2 Red8 1/2-1/2

[Event "First Saturday FM-B Oct 2013"]
[Site "Budapest"]
[Date "2013.10.11"]
[Round "7.2"]
[White "Steer, Jozsef"]
[Black "Czipp, Janos"]
[Result "1-0"]
[WhiteElo "1894"]
[BlackElo "1418"]
[PlyCount "61"]
[EventDate "2013.10.05"]

1. e4 e6 2. d4 b6 3. c4 Bb7 4. Nc3 d5 5. Bd3 Bb4 6. Qa4+ Nc6 7. cxd5 Bxc3+ 8.
bxc3 exd5 9. e5 a6 10. f4 Qe7 11. Nf3 Nf6 12. Ba3 b5 13. Bxe7 bxa4 14. exf6
Nxe7 15. fxe7 Kxe7 16. O-O f6 17. Rfe1+ Kf7 18. Rab1 Bc8 19. c4 c6 20. Rb6 Bg4
21. Kf2 Rhe8 22. Rxe8 Kxe8 23. Rxc6 dxc4 24. Bxc4 a5 25. d5 Kd7 26. Bb5 Kd8 27.
Bxa4 Rb8 28. Kg3 Bf5 29. Nd4 Bg6 30. Ne6+ Ke7 31. Rc7+ 1-0

[Event "First Saturday FM-B Oct 2013"]
[Site "Budapest"]
[Date "2013.10.11"]
[Round "7.3"]
[White "Szlenka, Attila"]
[Black "Bacsi, Andras"]
[Result "1/2-1/2"]
[WhiteElo "1812"]
[BlackElo "1845"]
[PlyCount "54"]
[EventDate "2013.10.05"]

1. g3 e5 2. Bg2 d5 3. d3 Nf6 4. c4 c6 5. Nf3 Bd6 6. O-O O-O 7. a3 a5 8. Qc2 h6
9. e4 dxe4 10. dxe4 Qe7 11. Nc3 Be6 12. b3 Nbd7 13. h3 Rad8 14. Rd1 Bc7 15. Be3
Rfe8 16. Ne1 Bb6 17. Bxb6 Nxb6 18. Nd3 Bc8 19. c5 Nbd7 20. b4 axb4 21. axb4 Nf8
22. Ne2 Qc7 23. Nb2 Be6 24. Rxd8 Rxd8 25. Rd1 Rxd1+ 26. Qxd1 Qd7 27. Qxd7 N8xd7
1/2-1/2

[Event "First Saturday FM-B Oct 2013"]
[Site "Budapest"]
[Date "2013.10.11"]
[Round "7.4"]
[White "Lukacs, Albert"]
[Black "Nemeth, Otto"]
[Result "1-0"]
[WhiteElo "1921"]
[BlackElo "1684"]
[PlyCount "89"]
[EventDate "2013.10.05"]

1. e4 e5 2. Nf3 Qf6 3. Nc3 c6 4. d4 d6 5. d5 h6 6. Be3 Bg4 7. Be2 Ne7 8. Qd2
Ng6 9. h3 Bxf3 10. Bxf3 Be7 11. O-O-O Nd7 12. Bg4 Nb6 13. b3 h5 14. Be2 Nf4 15.
Bf1 Rc8 16. g3 Ng6 17. Kb1 h4 18. Bg2 O-O 19. Rhf1 Rc7 20. f4 hxg3 21. fxe5 Qh4
22. exd6 Bxd6 23. Bg5 Qh7 24. dxc6 Bb4 25. a3 Bxc3 26. Qxc3 Rxc6 27. Qxg3 Rfc8
28. Rf2 f6 29. Bf4 Rc3 30. Rd3 R3c5 31. Rfd2 Nxf4 32. Rd8+ Rxd8 33. Rxd8+ Kf7
34. Qxf4 Qg6 35. Qd6 Qg5 36. Rb8 Re5 37. Rxb7+ Kg6 38. Qf8 Kh7 39. Bf1 Nd5 40.
Kb2 Nf4 41. Bc4 Ne6 42. Qf7 Rxe4 43. Bd3 Qe5+ 44. Kb1 f5 45. Qh5+ 1-0

[Event "First Saturday FM-B Oct 2013"]
[Site "Budapest"]
[Date "2013.10.11"]
[Round "7.5"]
[White "Gruz, Janos"]
[Black "Takacs, Zsolt Otto"]
[Result "1-0"]
[WhiteElo "1806"]
[BlackElo "1800"]
[PlyCount "73"]
[EventDate "2013.10.05"]

1. Nf3 b5 2. e4 a6 3. c4 b4 4. d4 e6 5. Be3 Bb7 6. Bd3 Ne7 7. Nbd2 Ng6 8. O-O
Be7 9. Rc1 O-O 10. Nb3 a5 11. d5 d6 12. Nbd4 c5 13. Ne2 Nd7 14. Ng3 a4 15. Qd2
Nge5 16. Nxe5 Nxe5 17. Be2 exd5 18. exd5 f5 19. f4 Nd7 20. Bd3 g6 21. Rce1 Bf6
22. Bf2 a3 23. Re6 axb2 24. Qe2 Rxa2 25. Rxd6 Re8 26. Re6 Ra8 27. Re1 Kf7 28.
Nxf5 gxf5 29. Qh5+ Kf8 30. Bxf5 Bg7 31. Bh4 Rxe6 32. dxe6 Ne5 33. fxe5 Qe8 34.
Qxh7 Qc6 35. Be4 Qxe4 36. Rf1+ Ke8 37. Qg8+ 1-0

[Event "First Saturday FM-B Oct 2013"]
[Site "Budapest"]
[Date "2013.10.11"]
[Round "7.6"]
[White "Mayer, Istvan"]
[Black "Bella, Zsolt"]
[Result "1-0"]
[WhiteElo "2068"]
[BlackElo "1396"]
[PlyCount "69"]
[EventDate "2013.10.05"]

1. e4 g6 2. d4 d6 3. Bc4 Bg7 4. Nc3 Nf6 5. Bg5 O-O 6. Bb3 Nc6 7. Nge2 e5 8. Nd5
Bg4 9. f3 h6 10. Nxf6+ Bxf6 11. Bxh6 Re8 12. d5 Nd4 13. fxg4 Nxb3 14. axb3 Bg5
15. Bxg5 Qxg5 16. Ng3 a6 17. Qf3 Kg7 18. h4 Qd8 19. O-O-O c6 20. g5 Qa5 21. Kb1
Rh8 22. h5 Qd8 23. Rhf1 Rf8 24. dxc6 bxc6 25. Qf6+ Qxf6 26. gxf6+ Kh6 27. Rxd6
Rac8 28. c4 Rc7 29. c5 Rb8 30. hxg6 Kxg6 31. Rf5 Rxb3 32. Rf3 Rb5 33. Nf5 Rxc5
34. Ne7+ Kg5 35. Rd8 1-0

[Event "First Saturday FM-B Oct 2013"]
[Site "Budapest"]
[Date "2013.10.12"]
[Round "8.1"]
[White "Somogyi, Gabor"]
[Black "Bella, Zsolt"]
[Result "1-0"]
[WhiteElo "1978"]
[BlackElo "1396"]
[PlyCount "69"]
[EventDate "2013.10.05"]

1. Nf3 g6 2. c4 d6 3. Nc3 Nf6 4. g3 Bg7 5. Bg2 O-O 6. O-O Nc6 7. d4 e5 8. e4
Bg4 9. d5 Ne7 10. Be3 Kh8 11. Qd2 Nfg8 12. h3 Bxf3 13. Bxf3 f5 14. Bg2 f4 15.
gxf4 exf4 16. Bxf4 Nf6 17. Bh6 Nfg8 18. Bxg7+ Kxg7 19. f4 c5 20. dxc6 Qb6+ 21.
Kh1 Qxc6 22. Qd4+ Nf6 23. e5 dxe5 24. fxe5 Nf5 25. exf6+ Qxf6 26. Qxf6+ Rxf6
27. Kg1 Rb8 28. Nd5 Rf7 29. Rae1 Rc8 30. b3 a5 31. Be4 a4 32. Bxf5 gxf5 33. Re7
Rxe7 34. Nxe7 axb3 35. Nxc8 1-0

[Event "First Saturday FM-B Oct 2013"]
[Site "Budapest"]
[Date "2013.10.12"]
[Round "8.2"]
[White "Takacs, Zsolt Otto"]
[Black "Mayer, Istvan"]
[Result "0-1"]
[WhiteElo "1800"]
[BlackElo "2068"]
[PlyCount "50"]
[EventDate "2013.10.05"]

1. e4 e5 2. Nf3 Nc6 3. Nc3 a6 4. Bc4 h6 5. O-O Bc5 6. a4 d6 7. h3 g5 8. g4 Nge7
9. Ne2 Ng6 10. c3 Ba7 11. d4 Qf6 12. Ng3 Nf4 13. Bxf4 gxf4 14. Nh5 Qe7 15. Ng7+
Kf8 16. Nh5 Rg8 17. Kh2 Rxg4 18. Rg1 Rg6 19. Qd3 Nd8 20. Rg2 Rxg2+ 21. Kxg2 Ne6
22. dxe5 dxe5 23. Rd1 Ng5 24. Ng1 Be6 25. h4 Qc5 0-1

[Event "First Saturday FM-B Oct 2013"]
[Site "Budapest"]
[Date "2013.10.12"]
[Round "8.3"]
[White "Nemeth, Otto"]
[Black "Gruz, Janos"]
[Result "1/2-1/2"]
[WhiteElo "1684"]
[BlackElo "1806"]
[PlyCount "24"]
[EventDate "2013.10.05"]

1. e4 e5 2. Nf3 d6 3. Bc4 h6 4. a3 Be7 5. O-O Nf6 6. d3 O-O 7. Be3 c6 8. Nc3
Nbd7 9. Qd2 Kh7 10. Rad1 Nb6 11. Bb3 c5 12. Ne2 Bd7 1/2-1/2

[Event "First Saturday FM-B Oct 2013"]
[Site "Budapest"]
[Date "2013.10.12"]
[Round "8.4"]
[White "Bacsi, Andras"]
[Black "Lukacs, Albert"]
[Result "1/2-1/2"]
[WhiteElo "1845"]
[BlackElo "1921"]
[PlyCount "24"]
[EventDate "2013.10.05"]

1. e4 c5 2. Nf3 e6 3. d4 cxd4 4. Nxd4 a6 5. c4 Qc7 6. Be2 Nc6 7. O-O Nf6 8. Nc3
Nxd4 9. Qxd4 Bc5 10. Qd3 h6 11. Be3 Bxe3 12. Qxe3 d6 1/2-1/2

[Event "First Saturday FM-B Oct 2013"]
[Site "Budapest"]
[Date "2013.10.12"]
[Round "8.5"]
[White "Czipp, Janos"]
[Black "Szlenka, Attila"]
[Result "0-1"]
[WhiteElo "1418"]
[BlackElo "1812"]
[PlyCount "80"]
[EventDate "2013.10.05"]

1. d4 g6 2. Nf3 Bg7 3. e3 Nf6 4. Nbd2 O-O 5. Bd3 d6 6. O-O Nc6 7. a3 e5 8. d5
Nxd5 9. c4 Nde7 10. Be4 Kh8 11. Bd5 Nxd5 12. cxd5 Ne7 13. Ne4 h6 14. h3 f5 15.
Ng3 c5 16. e4 g5 17. Nxg5 f4 18. Qh5 Kg8 19. Nf3 Bd7 20. Nh4 fxg3 21. Bxh6
gxf2+ 22. Rxf2 Rxf2 23. Bxg7 Kxg7 24. Qg5+ Kf8 25. Kxf2 Bb5 26. Kg1 Ng8 27.
Ng6+ Ke8 28. Qh5 Nf6 29. Qh6 Kf7 30. a4 Ba6 31. Ra3 Qg8 32. Rg3 Qh7 33. Qe3 Rg8
34. Nxe5+ dxe5 35. Rxg8 Qxg8 36. Qxc5 Qd8 37. Qf2 Qb6 38. a5 Qxf2+ 39. Kxf2 Bd3
40. g4 Bxe4 0-1

[Event "First Saturday FM-B Oct 2013"]
[Site "Budapest"]
[Date "2013.10.12"]
[Round "8.6"]
[White "Marcu, Simon"]
[Black "Steer, Jozsef"]
[Result "0-1"]
[WhiteElo "1904"]
[BlackElo "1894"]
[PlyCount "110"]
[EventDate "2013.10.05"]

1. d4 d5 2. c4 c6 3. b3 Nf6 4. e3 Bf5 5. Bd3 Bg6 6. Bxg6 hxg6 7. Ba3 Nbd7 8.
Nf3 Qc7 9. cxd5 Nxd5 10. Nbd2 g5 11. g3 g4 12. Ng5 N7f6 13. O-O Qd7 14. Qc2 Rh5
15. Nde4 Nxe4 16. Nxe4 Qf5 17. Rae1 Qh7 18. f4 O-O-O 19. Rf2 e6 20. Bc5 Bxc5
21. dxc5 Nb4 22. Nd6+ Rxd6 23. Qxh7 Rxh7 24. cxd6 Nd3 25. Ref1 Nxf2 26. Rxf2
Kd7 27. Rd2 f5 28. b4 Rh8 29. Kg2 Rc8 30. h3 gxh3+ 31. Kxh3 c5 32. b5 c4 33.
Kg2 c3 34. Rc2 Kxd6 35. Kf2 Kd5 36. Ke2 Kc4 37. Kd1 Kxb5 38. g4 Kc4 39. gxf5
exf5 40. Rg2 Rc7 41. Rg5 Rf7 42. Kc2 b5 43. Rg6 b4 44. Rc6+ Kb5 45. Re6 Rc7 46.
Re5+ Rc5 47. Re7 a5 48. Rxg7 Rd5 49. Rb7+ Kc6 50. Rg7 Rd2+ 51. Kb1 Rb2+ 52. Ka1
Re2 53. Kb1 Kb5 54. Rf7 Kc4 55. Rf8 Re1+ 0-1

[Event "First Saturday FM-B Oct 2013"]
[Site "Budapest"]
[Date "2013.10.13"]
[Round "9.1"]
[White "Steer, Jozsef"]
[Black "Somogyi, Gabor"]
[Result "1/2-1/2"]
[WhiteElo "1894"]
[BlackElo "1978"]
[PlyCount "22"]
[EventDate "2013.10.05"]

1. e4 c5 2. Nf3 e6 3. d4 cxd4 4. Nxd4 Nf6 5. Nc3 d6 6. Be2 Be7 7. O-O O-O 8.
Be3 Nc6 9. f4 a6 10. a3 Bd7 11. Bf3 Qc7 1/2-1/2

[Event "First Saturday FM-B Oct 2013"]
[Site "Budapest"]
[Date "2013.10.13"]
[Round "9.2"]
[White "Szlenka, Attila"]
[Black "Marcu, Simon"]
[Result "1-0"]
[WhiteElo "1812"]
[BlackElo "1904"]
[PlyCount "85"]
[EventDate "2013.10.05"]

1. g3 d5 2. Bg2 e5 3. c4 c6 4. cxd5 cxd5 5. d3 Nc6 6. Nf3 Bb4+ 7. Bd2 Qa5 8.
O-O Nge7 9. Nc3 O-O 10. a3 Bxc3 11. Bxc3 Qc7 12. Rc1 f6 13. b4 b5 14. Nd2 Be6
15. Nb3 Rac8 16. Nc5 Bf7 17. d4 e4 18. Qd2 Ra8 19. a4 a6 20. Nxa6 Rxa6 21. axb5
Rb6 22. bxc6 Rxc6 23. Bb2 Rb8 24. e3 Qb6 25. Rxc6 Nxc6 26. Bc3 Na7 27. Rb1 Be8
28. Qa2 Bf7 29. Bf1 Nb5 30. Bd2 h5 31. Qa5 Nxd4 32. Qxb6 Nf3+ 33. Kg2 Rxb6 34.
Bc3 Ne5 35. Bd4 Rb8 36. b5 Nc4 37. Be2 Rb7 38. b6 f5 39. Ra1 Be8 40. Ra8 Nd6
41. Bxh5 Kf8 42. Bc5 Ke7 43. Rxe8+ 1-0

[Event "First Saturday FM-B Oct 2013"]
[Site "Budapest"]
[Date "2013.10.13"]
[Round "9.3"]
[White "Lukacs, Albert"]
[Black "Czipp, Janos"]
[Result "1-0"]
[WhiteElo "1921"]
[BlackElo "1418"]
[PlyCount "41"]
[EventDate "2013.10.05"]

1. e4 g6 2. Nf3 d6 3. Nc3 e5 4. d4 Bg7 5. Bg5 Bf6 6. Bxf6 Qxf6 7. Nd5 Qd8 8.
dxe5 c6 9. Nc3 dxe5 10. Qxd8+ Kxd8 11. Nxe5 Nh6 12. Bc4 Be6 13. Bxe6 fxe6 14.
O-O-O+ Ke7 15. Rd2 Ng8 16. Rhd1 Nf6 17. f3 Na6 18. Rd7+ Nxd7 19. Rxd7+ Kf6 20.
f4 Raf8 21. Ng4# 1-0

[Event "First Saturday FM-B Oct 2013"]
[Site "Budapest"]
[Date "2013.10.13"]
[Round "9.4"]
[White "Gruz, Janos"]
[Black "Bacsi, Andras"]
[Result "1/2-1/2"]
[WhiteElo "1806"]
[BlackElo "1845"]
[PlyCount "30"]
[EventDate "2013.10.05"]

1. Nf3 Nf6 2. c4 e6 3. Nc3 Bb4 4. Qb3 c5 5. e3 O-O 6. Be2 d5 7. O-O Nc6 8. a3
Bxc3 9. dxc3 Na5 10. Qa2 Nxc4 11. Bxc4 dxc4 12. Qxc4 b6 13. b4 Qd5 14. Qxd5
exd5 15. Bb2 Ba6 1/2-1/2

[Event "First Saturday FM-B Oct 2013"]
[Site "Budapest"]
[Date "2013.10.13"]
[Round "9.5"]
[White "Mayer, Istvan"]
[Black "Nemeth, Otto"]
[Result "1-0"]
[WhiteElo "2068"]
[BlackElo "1684"]
[PlyCount "53"]
[EventDate "2013.10.05"]

1. e4 e5 2. Bc4 Qf6 3. Nf3 h6 4. Nc3 c6 5. d3 a5 6. a3 Bc5 7. Be3 Bd6 8. d4 Ne7
9. dxe5 Bxe5 10. Nxe5 Qxe5 11. f4 Qf6 12. O-O O-O 13. Bd4 Qh4 14. g3 Qh3 15.
Bc5 Re8 16. Bd6 b5 17. Be2 f5 18. Bh5 g6 19. Bf3 h5 20. Re1 Kf7 21. e5 Na6 22.
Bxe7 Rxe7 23. Nxb5 Rb8 24. Nd6+ Kf8 25. e6 Nc5 26. Qd4 Kg8 27. Qxc5 1-0

[Event "First Saturday FM-B Oct 2013"]
[Site "Budapest"]
[Date "2013.10.13"]
[Round "9.6"]
[White "Bella, Zsolt"]
[Black "Takacs, Zsolt Otto"]
[Result "0-1"]
[WhiteElo "1396"]
[BlackElo "1800"]
[PlyCount "29"]
[EventDate "2013.10.05"]

1. d4 Nf6 2. c4 g6 3. Nc3 d5 4. Nf3 Bg7 5. e3 O-O 6. c5 b6 7. b4 bxc5 8. bxc5
Ne4 9. Bb2 Nc6 10. Be2 Rb8 11. Rb1 Bf5 12. Nd2 Nxc3 13. Bxc3 Bxb1 14. Nxb1 e6
15. a3 0-1

[Event "First Saturday FM-B Oct 2013"]
[Site "Budapest"]
[Date "2013.10.14"]
[Round "10.3"]
[White "Bacsi, Andras"]
[Black "Mayer, Istvan"]
[Result "1/2-1/2"]
[WhiteElo "1845"]
[BlackElo "2068"]
[PlyCount "51"]
[EventDate "2013.10.05"]

1. e4 e6 2. d4 d5 3. Nd2 Nf6 4. e5 Nfd7 5. Bd3 c5 6. c3 Nc6 7. Ne2 cxd4 8. cxd4
Qb6 9. Nf3 f6 10. exf6 Nxf6 11. O-O Bd6 12. b3 O-O 13. Be3 Qc7 14. Ng3 Bd7 15.
Rc1 Ba3 16. Rc2 Qd6 17. Re2 Nb4 18. Bb1 Bb5 19. Ne5 Rac8 20. Rfe1 Bxe2 21. Qxe2
Qa6 22. Qd1 Rc3 23. Nh5 Rxe3 24. fxe3 Nc6 25. Nxf6+ Rxf6 26. Nxc6 1/2-1/2

[Event "First Saturday FM-B Oct 2013"]
[Site "Budapest"]
[Date "2013.10.14"]
[Round "10.4"]
[White "Czipp, Janos"]
[Black "Gruz, Janos"]
[Result "0-1"]
[WhiteElo "1418"]
[BlackElo "1806"]
[PlyCount "64"]
[EventDate "2013.10.05"]

1. d4 d5 2. Nf3 e6 3. e3 f5 4. Nc3 c6 5. Bd3 Nf6 6. O-O Bd6 7. Ne5 O-O 8. Ne2
Qe7 9. Bd2 Bxe5 10. dxe5 Ng4 11. f4 Bd7 12. Qe1 c5 13. c3 Nc6 14. h3 Nh6 15.
Rd1 Be8 16. Ng3 Rd8 17. Be2 Kh8 18. Bc1 Rg8 19. Bf3 b5 20. b3 a5 21. Qe2 c4 22.
Rd2 Qh4 23. Nh5 Bxh5 24. Bxh5 g6 25. Bf3 Nf7 26. Qf2 Qxf2+ 27. Kxf2 g5 28. g4
Nh6 29. Rg1 Rdf8 30. Kf1 gxf4 31. exf4 Nxe5 32. Be2 fxg4 0-1

[Event "First Saturday FM-B Oct 2013"]
[Site "Budapest"]
[Date "2013.10.14"]
[Round "10.5"]
[White "Marcu, Simon"]
[Black "Lukacs, Albert"]
[Result "1/2-1/2"]
[WhiteElo "1904"]
[BlackElo "1921"]
[PlyCount "61"]
[EventDate "2013.10.05"]

1. d4 d5 2. c4 e6 3. cxd5 exd5 4. Nc3 c6 5. Bf4 Ne7 6. Nf3 Ng6 7. Bg3 Bd6 8.
Bxd6 Qxd6 9. e3 Bf5 10. Bd3 Bxd3 11. Qxd3 Nd7 12. O-O O-O 13. Ne2 f5 14. g3
Rae8 15. Rae1 Re7 16. Ng5 Nf6 17. Qxf5 Ne4 18. Nxe4 dxe4 19. Qa5 Qd7 20. Qh5
Qe6 21. b3 Rf5 22. Qh3 Qd5 23. Rc1 Qd7 24. Qg2 Rg5 25. f4 Nh4 26. Qh1 Rg6 27.
Nc3 Qh3 28. Nxe4 Rxe4 29. Qxe4 Rxg3+ 30. hxg3 Qxg3+ 31. Kh1 1/2-1/2

[Event "First Saturday FM-B Oct 2013"]
[Site "Budapest"]
[Date "2013.10.14"]
[Round "10.6"]
[White "Steer, Jozsef"]
[Black "Szlenka, Attila"]
[Result "1/2-1/2"]
[WhiteElo "1894"]
[BlackElo "1812"]
[PlyCount "20"]
[EventDate "2013.10.05"]

1. e4 Nf6 2. e5 Nd5 3. d4 d6 4. c4 Nb6 5. f4 dxe5 6. fxe5 Nc6 7. Nf3 Bg4 8. Be3
e6 9. Be2 Bxf3 10. Bxf3 Nxc4 1/2-1/2

[Event "First Saturday FM-B Oct 2013"]
[Site "Budapest"]
[Date "2013.10.15"]
[Round "11.1"]
[White "Szlenka, Attila"]
[Black "Somogyi, Gabor"]
[Result "0-1"]
[WhiteElo "1812"]
[BlackElo "1978"]
[PlyCount "70"]
[EventDate "2013.10.05"]

1. g3 d5 2. Bg2 e5 3. d3 c6 4. Nd2 Bd6 5. c4 d4 6. Ngf3 Nf6 7. O-O O-O 8. Qc2
c5 9. a3 a5 10. Ne1 Nc6 11. Ne4 Nxe4 12. dxe4 f5 13. Nd3 fxe4 14. Bxe4 Bh3 15.
Bg2 Qd7 16. Bd2 Bxg2 17. Kxg2 Ne7 18. b4 Qc6+ 19. f3 axb4 20. axb4 b6 21. b5
Qb7 22. Nf2 Bc7 23. Qe4 Qxe4 24. Nxe4 h6 25. Rfd1 Nf5 26. Kf2 Nd6 27. Nxd6 Bxd6
28. e4 Kf7 29. Ke2 Ke6 30. Ra6 Rxa6 31. bxa6 Kd7 32. Ra1 Kc6 33. f4 Ra8 34.
fxe5 Bxe5 35. Bf4 d3+ 0-1

[Event "First Saturday FM-B Oct 2013"]
[Site "Budapest"]
[Date "2013.10.15"]
[Round "11.2"]
[White "Lukacs, Albert"]
[Black "Steer, Jozsef"]
[Result "1/2-1/2"]
[WhiteElo "1921"]
[BlackElo "1894"]
[PlyCount "31"]
[EventDate "2013.10.05"]

1. e4 c6 2. d4 d5 3. Nc3 dxe4 4. Nxe4 Bf5 5. Ng3 Bg6 6. h4 h6 7. h5 Bh7 8. Nf3
Nd7 9. Bd3 Bxd3 10. Qxd3 e6 11. Bd2 Qc7 12. O-O-O O-O-O 13. Bc3 Ngf6 14. Qe2
Be7 15. Ne4 Nxe4 16. Qxe4 1/2-1/2

[Event "First Saturday FM-B Oct 2013"]
[Site "Budapest"]
[Date "2013.10.15"]
[Round "11.3"]
[White "Gruz, Janos"]
[Black "Marcu, Simon"]
[Result "0-1"]
[WhiteElo "1806"]
[BlackElo "1904"]
[PlyCount "106"]
[EventDate "2013.10.05"]

1. Nf3 d5 2. d4 e6 3. e3 Nf6 4. b3 c5 5. Bb2 Nc6 6. Nbd2 b6 7. Bb5 Bd7 8. O-O
Be7 9. Rc1 O-O 10. Be2 Qb8 11. c4 Qb7 12. Bd3 Rfd8 13. Bb1 Rac8 14. Ne5 Nxe5
15. dxe5 Ne4 16. cxd5 Nxd2 17. Qxd2 Qxd5 18. Qc2 g6 19. Rfd1 Qb7 20. Qe2 Bc6
21. f3 Rxd1+ 22. Rxd1 Rd8 23. Rxd8+ Bxd8 24. a4 a6 25. Bd3 b5 26. axb5 axb5 27.
Qc2 Be7 28. Bc1 Qa7 29. Qe2 Qa1 30. Qb2 Qxb2 31. Bxb2 Kf8 32. Kf2 Ke8 33. Ke2
Kd7 34. g4 Kc7 35. Bc3 Kb6 36. e4 Bg5 37. h3 Bf4 38. Bb2 Bb7 39. Bc3 Ba6 40. b4
cxb4 41. Bxb4 Bxe5 42. Ke3 Kc6 43. f4 Bd6 44. Bxd6 Kxd6 45. Kd4 f6 46. e5+
fxe5+ 47. fxe5+ Kc6 48. g5 Kb6 49. h4 b4 50. Bxg6 hxg6 51. h5 b3 52. hxg6 b2
53. g7 b1=Q 0-1

[Event "First Saturday FM-B Oct 2013"]
[Site "Budapest"]
[Date "2013.10.15"]
[Round "11.4"]
[White "Mayer, Istvan"]
[Black "Czipp, Janos"]
[Result "1-0"]
[WhiteElo "2068"]
[BlackElo "1418"]
[PlyCount "57"]
[EventDate "2013.10.05"]

1. e4 g6 2. d4 d6 3. Bc4 Nf6 4. Qe2 e5 5. dxe5 dxe5 6. Bg5 Bg7 7. h4 h6 8. Bd2
Qd4 9. Nc3 O-O 10. O-O-O Qc5 11. a3 Nc6 12. Nb5 Nd4 13. Nxd4 exd4 14. Bb4 Qb6
15. Bxf8 Kxf8 16. e5 Ng4 17. Nf3 Bf5 18. Rxd4 Re8 19. Rhd1 c6 20. Bb3 Qc7 21.
Qc4 b5 22. Qc5+ Kg8 23. Rd6 Bf8 24. Rxc6 Bxc5 25. Rxc7 Be7 26. Nd4 Nxe5 27.
Nxf5 gxf5 28. Re1 Kf8 29. Rxe5 1-0

[Event "First Saturday FM-B Oct 2013"]
[Site "Budapest"]
[Date "2013.10.15"]
[Round "11.5"]
[White "Bella, Zsolt"]
[Black "Bacsi, Andras"]
[Result "1-0"]
[WhiteElo "1396"]
[BlackElo "1845"]
[PlyCount "79"]
[EventDate "2013.10.05"]

1. d4 Nf6 2. c4 e6 3. a3 b6 4. Nc3 Bb7 5. Qc2 d5 6. Bg5 Be7 7. e3 O-O 8. Bxf6
Bxf6 9. Rd1 Nd7 10. e4 dxe4 11. Nxe4 Qe7 12. Nf3 c5 13. Be2 Rfd8 14. O-O cxd4
15. Nxf6+ Nxf6 16. Nxd4 Rd7 17. Bf3 Bxf3 18. Nxf3 e5 19. Rfe1 Rxd1 20. Rxd1 e4
21. Re1 Re8 22. b4 Qc7 23. Nd2 Qf4 24. h3 e3 25. fxe3 Rxe3 26. Rxe3 Qxe3+ 27.
Kh2 Qf4+ 28. Kg1 Nh5 29. Qd3 g5 30. Ne4 f6 31. g4 Qc1+ 32. Kh2 Nf4 33. Qd8+ Kf7
34. Qxf6+ Ke8 35. Qc6+ Kd8 36. Qa8+ Kd7 37. Qxa7+ Ke6 38. Nxg5+ Ke5 39. Qg7+
Kd6 40. Ne4+ 1-0